Statistics for Countries opposing Syria missing persons case

Click here to take the quiz!

General Stats

  • This quiz has been taken 10 times
  • The average score is 8 of 17

Answer Stats

HintAnswer% Correct
Iran
89%
Russia
78%
North Korea
67%
SyriaSyria
67%
China
56%
Cuba
56%
Absent, would have opposedBelarus
44%
Absent, would have opposedBolivia
44%
Laos
44%
Absent, would have opposedMyanmar
44%
Nicaragua
44%
Absent, would have opposedVenezuela
44%
Eritrea
33%
Sudan
33%
Zimbabwe
33%
Absent, would have opposedBurundi
11%
Mali
11%

Score Distribution

Percentile by Number Answered

Percent of People with Each Score

Your Score History

You have not taken this quiz